<?xml version="1.0" encoding="UTF-8"?>
<record
    xmlns:xsi="http://www.w3.org/2001/XMLSchema-instance"
    xsi:schemaLocation="http://www.loc.gov/MARC21/slim http://www.loc.gov/standards/marcxml/schema/MARC21slim.xsd"
    xmlns="http://www.loc.gov/MARC21/slim">

  <leader>00754nam a2200229 i 4500</leader>
  <controlfield tag="001">C2-0308493</controlfield>
  <controlfield tag="003">PPAK</controlfield>
  <controlfield tag="005">20180728095341.0</controlfield>
  <controlfield tag="008">110504s        my a|||| |||||  |   eng d</controlfield>
  <datafield tag="040" ind1=" " ind2=" ">
    <subfield code="a">PPAK</subfield>
    <subfield code="b">eng</subfield>
    <subfield code="c">PPAK</subfield>
    <subfield code="e">rda</subfield>
  </datafield>
  <datafield tag="082" ind1="0" ind2="4">
    <subfield code="a">070.4</subfield>
    <subfield code="2">23</subfield>
  </datafield>
  <datafield tag="090" ind1="0" ind2="0">
    <subfield code="a">070.4</subfield>
    <subfield code="b">BUT</subfield>
    <subfield code="d">KK</subfield>
  </datafield>
  <datafield tag="245" ind1="0" ind2="0">
    <subfield code="a">...But what happens to me isn't important - Tun Mahathir</subfield>
  </datafield>
  <datafield tag="264" ind1=" " ind2="1">
    <subfield code="a">Alor Setar, Kedah : </subfield>
    <subfield code="b">Bahagian Koleksi Kedah, Perbadanan Perpustakaan Awam Kedah , </subfield>
    <subfield code="c">[date of publication not identified]</subfield>
  </datafield>
  <datafield tag="300" ind1=" " ind2=" ">
    <subfield code="a">[6 pages] : </subfield>
    <subfield code="b">illustrations ; </subfield>
    <subfield code="c">30 cm</subfield>
  </datafield>
  <datafield tag="336" ind1=" " ind2=" ">
    <subfield code="2">rdacontent</subfield>
    <subfield code="a">text</subfield>
  </datafield>
  <datafield tag="337" ind1=" " ind2=" ">
    <subfield code="2">rdamedia</subfield>
    <subfield code="a">unmediated</subfield>
  </datafield>
  <datafield tag="338" ind1=" " ind2=" ">
    <subfield code="2">rdacarrier</subfield>
    <subfield code="a">volume</subfield>
  </datafield>
  <datafield tag="500" ind1=" " ind2=" ">
    <subfield code="a">Artikel dari Majalah Milenia Muslim</subfield>
  </datafield>
  <datafield tag="650" ind1="1" ind2="0">
    <subfield code="a">Journalism - Article</subfield>
  </datafield>
  <datafield tag="942" ind1=" " ind2=" ">
    <subfield code="d">dc</subfield>
    <subfield code="c">B</subfield>
  </datafield>
  <datafield tag="999" ind1=" " ind2=" ">
    <subfield code="c">111102</subfield>
    <subfield code="d">111102</subfield>
  </datafield>
  <datafield tag="952" ind1=" " ind2=" ">
    <subfield code="0">0</subfield>
    <subfield code="7">1</subfield>
    <subfield code="b">PPAK</subfield>
    <subfield code="c">KK</subfield>
    <subfield code="d">2011-05-09</subfield>
    <subfield code="o">KK 070.4 BUT</subfield>
    <subfield code="p">A00363788</subfield>
    <subfield code="r">2018-05-09 00:00:00</subfield>
    <subfield code="y">AR</subfield>
    <subfield code="z">Artikel Pilihan</subfield>
  </datafield>
  <datafield tag="952" ind1=" " ind2=" ">
    <subfield code="0">0</subfield>
    <subfield code="7">1</subfield>
    <subfield code="b">PPAK</subfield>
    <subfield code="c">KK</subfield>
    <subfield code="d">2011-05-04</subfield>
    <subfield code="o">KK 070.4 BUT</subfield>
    <subfield code="p">A00363814</subfield>
    <subfield code="r">2018-05-09 00:00:00</subfield>
    <subfield code="y">AR</subfield>
    <subfield code="z">Artikel Pilihan</subfield>
  </datafield>
</record>
